[Event "21st Dubai Open 2019"]
[Site "Dubai"]
[Date "2019.04.09"]
[Round "9.32"]
[White "Aaryan, Varshney"]
[Black "Venkatesh, M.R."]
[Result "1-0"]
[WhiteElo "2199"]
[BlackElo "2517"]
[Annotator "ChessBase"]
[PlyCount "85"]
[EventDate "2019.04.01"]
[EventType "swiss"]
[EventCountry "UAE"]
[SourceTitle "playchess.com"]
[Source "ChessBase"]
[SourceQuality "1"]
[TimeControl "5400+30"]

1. d4 {[%emt 0:00:00]} Nf6 {[%emt 0:00:00]} 2. Nf3 {[%emt 0:00:00]} g6 {[%emt 0:00:00]} 3. c4 {[%emt 0:00:00]} Bg7 {[%emt 0:00:00]} 4. Nc3 {[%emt 0:00:00]} O-O {[%emt 0:00:14]} 5. e4 {[%emt 0:00:00]} d6 {[%emt 0:00:10]} 6. Be2 {[%emt 0:00:00]} c5 {[%emt 0:01:30]} 7. d5 {[%emt 0:02:35]} e6 {[%emt 0:01:26]} 8. O-O {[%emt 0:00:11]} exd5 {[%emt 0:00:25]} 9. exd5 {[%emt 0:00:41]} Bg4 {[%emt 0:01:32]} 10. h3 {[%emt 0:03:37]} Bxf3 {[%emt 0:00:27]} 11. Bxf3 {[%emt 0:00:01]} Nbd7 {[%emt 0:00:31]} 12. Bf4 {[%emt 0:01:42]} Ne8 {[%emt 0:00:14]} 13. Qd2 {[%emt 0:07:52]} Ne5 {[%emt 0:01:50]} 14. Be2 {[%emt 0:01:12]} f5 {[%emt 0:00:17]} 15. Rae1 {[%emt 0:06:12]} a6 {[%emt 0:01:21]} 16. Bh2 {[%emt 0:01:55]} Qa5 {[%emt 0:04:43]} 17. a3 {[%emt 0:03:35]} Nc7 {[%emt 0:02:49]} 18. Ne4 {[%emt 0:07:24]} Qxd2 {[%emt 0:11:21]} 19. Nxd2 {[%emt 0:00:02]} Nf7 {[%emt 0:06:40]} 20. Rb1 {[%emt 0:09:50]} Rfe8 {[%emt 0:03:38]} 21. Bd3 {[%emt 0:01:56]} a5 {[%emt 0:02:32]} 22. b3 {[%emt 0:05:47]} Rab8 {[%emt 0:12:07]} 23. Rfd1 {[%emt 0:09:37]} Ne5 {[%emt 0:09:19]} 24. Bf1 {[%emt 0:01:10]} b6 {[%emt 0:10:13]} 25. Re1 {[%emt 0:03:32]} Bh6 {[%emt 0:01:14]} 26. f4 {[%emt 0:05:26]} Nf7 {[%emt 0:01:45]} 27. g4 {[%emt 0:00:19]} Bg7 {[%emt 0:00:07]} 28. Nf3 {[%emt 0:03:09]} Bc3 {[%emt 0:06:31]} 29. Rxe8+ {[%emt 0:01:38]} Rxe8 {[%emt 0:00:01]} 30. gxf5 {[%emt 0:00:34]} gxf5 {[%emt 0:00:11]} 31. Kf2 {[%emt 0:01:16]} Na6 {[%emt 0:03:54]} 32. Bd3 {[%emt 0:03:05]} Nh6 {[%emt 0:00:06]} 33. Bg3 {[%emt 0:01:41]} Kf7 {[%emt 0:09:08]} 34. Ng5+ {[%emt 0:02:37]} Kg6 35. Ne6 {[%emt 0:00:17]} Bd4+ {[%emt 0:02:52]} 36. Kf3 {[%emt 0:00:46]} Kh5 {[%emt 0:03:30]} 37. Bf2 {[%emt 0:03:18]} Rg8 {[%emt 0:01:00]} 38. Nxd4 {[%emt 0:00:46]} cxd4 {[%emt 0:00:03]} 39. b4 {[%emt 0:00:13]} axb4 {[%emt 0:01:26]} 40. axb4 {[%emt 0:00:01]} Nc7 {[%emt 0:02:24]} 41. Bxd4 {[%emt 0:01:01]} b5 {[%emt 0:00:46]} 42. cxb5 {[%emt 0:00:47]} Rb8 {[%emt 0:00:03]} 43. Rg1 {[%emt 0:00:41]} 1-0

[Event "21st Dubai Open 2019"]
[Site "Dubai"]
[Date "2019.04.09"]
[Round "9.33"]
[White "Aditya Mittal"]
[Black "Blagojevic, Tijana"]
[Result "1/2-1/2"]
[WhiteElo "2457"]
[BlackElo "2216"]
[Annotator "ChessBase"]
[PlyCount "78"]
[EventDate "2019.04.01"]
[EventType "swiss"]
[EventCountry "UAE"]
[SourceTitle "playchess.com"]
[Source "ChessBase"]
[SourceQuality "1"]
[TimeControl "5400+30"]

1. d4 {[%emt 0:00:00]} d5 {[%emt 0:00:00]} 2. c4 {[%emt 0:00:00]} c6 {[%emt 0:00:00]} 3. Nf3 {[%emt 0:00:06]} Nf6 {[%emt 0:00:00]} 4. Nc3 {[%emt 0:00:12]} e6 {[%emt 0:00:00]} 5. g3 {[%emt 0:00:05]} dxc4 {[%emt 0:00:03]} 6. Bg2 {[%emt 0:00:08]} b5 {[%emt 0:00:10]} 7. Ne5 {[%emt 0:00:12]} Nd5 {[%emt 0:00:19]} 8. O-O {[%emt 0:00:11]} Bb7 {[%emt 0:00:23]} 9. a4 {[%emt 0:00:11]} a6 {[%emt 0:00:27]} 10. e4 {[%emt 0:00:10]} Nxc3 {[%emt 0:00:17]} 11. bxc3 {[%emt 0:00:07]} Nd7 {[%emt 0:00:19]} 12. Bf4 {[%emt 0:00:08]} Be7 {[%emt 0:02:09]} 13. Qg4 {[%emt 0:00:09]} g6 {[%emt 0:00:42]} 14. Bh6 {[%emt 0:00:06]} Nxe5 {[%emt 0:00:39]} 15. dxe5 {[%emt 0:00:08]} Rg8 {[%emt 0:00:06]} 16. h4 {[%emt 0:07:20]} Qc7 {[%emt 0:03:38]} 17. Qf4 {[%emt 0:00:58]} Rd8 {[%emt 0:04:33]} 18. Rfd1 {[%emt 0:04:56]} Rxd1+ {[%emt 0:03:05]} 19. Rxd1 {[%emt 0:00:04]} a5 {[%emt 0:01:23]} 20. Qd2 {[%emt 0:14:53]} Qd8 {[%emt 0:10:15]} 21. Qe2 {[%emt 0:05:16]} Qc7 {[%emt 0:00:40]} 22. f4 {[%emt 0:04:03]} Bc8 {[%emt 0:04:46]} 23. Kh2 {[%emt 0:03:19]} Bd7 {[%emt 0:01:44]} 24. Bh3 {[%emt 0:02:03]} Kd8 {[%emt 0:06:23]} 25. Bg5 {[%emt 0:11:28]} Bxg5 {[%emt 0:04:05]} 26. hxg5 {[%emt 0:00:02]} Kc8 {[%emt 0:09:03]} 27. Rd6 {[%emt 0:01:03]} Rd8 {[%emt 0:13:51]} 28. Qd2 {[%emt 0:00:18]} bxa4 {[%emt 0:08:29]} 29. Bf1 {[%emt 0:13:25]} Qb6 {[%emt 0:01:29]} 30. Bxc4 {[%emt 0:06:43]} a3 {[%emt 0:01:10]} 31. Qe2 {[%emt 0:09:32]} Be8 {[%emt 0:03:42]} 32. Qd3 {[%emt 0:06:28]} Rxd6 {[%emt 0:08:12]} 33. Ba6+ {[%emt 0:00:24]} Kb8 {[%emt 0:00:20]} 34. Qxd6+ {[%emt 0:00:27]} Ka7 {[%emt 0:00:58]} 35. Bc4 {[%emt 0:00:37]} a2 {[%emt 0:00:23]} 36. Qe7+ {[%emt 0:04:40]} Qb7 {[%emt 0:00:05]} 37. Qc5+ {[%emt 0:00:59]} Qb6 {[%emt 0:00:37]} 38. Qe7+ {[%emt 0:00:09]} Qb7 {[%emt 0:00:07]} 39. Qa3 {[%emt 0:00:56]} Qb6 {[%emt 0:00:20]} 1/2-1/2

[Event "21st Dubai Open 2019"]
[Site "Dubai"]
[Date "2019.04.09"]
[Round "9.34"]
[White "Mohannad, Farhan"]
[Black "Mendonca, Leon Luke"]
[Result "0-1"]
[WhiteElo "2183"]
[BlackElo "2427"]
[Annotator "NA"]
[PlyCount "140"]
[EventDate "2019.04.01"]
[EventType "swiss"]
[EventCountry "UAE"]
[SourceTitle "playchess.com"]
[Source "ChessBase"]
[SourceQuality "1"]
[TimeControl "5400+30"]

1. d4 {[%emt 0:00:00]} Nf6 {[%emt 0:00:00]} 2. c4 {[%emt 0:00:00]} e6 {[%emt 0:00:00]} 3. Nf3 {[%emt 0:00:00]} c5 {[%emt 0:00:00]} 4. d5 {[%emt 0:00:00]} d6 {[%emt 0:00:00]} 5. Nc3 {[%emt 0:00:00]} exd5 {[%emt 0:00:00]} 6. cxd5 {[%emt 0:00:03]} g6 {[%emt 0:00:07]} 7. e4 {[%emt 0:00:13]} Bg7 {[%emt 0:00:23]} 8. Be2 {[%emt 0:00:08]} O-O {[%emt 0:00:14]} 9. Be3 {[%emt 0:00:06]} a6 {[%emt 0:07:28]} 10. a4 {[%emt 0:00:11]} Bg4 {[%emt 0:01:36]} 11. Nd2 {[%emt 0:01:20]} Bxe2 {[%emt 0:00:11]} 12. Qxe2 {[%emt 0:00:03]} Re8 {[%emt 0:01:06]} 13. O-O {[%emt 0:02:16]} Nbd7 {[%emt 0:02:15] A75: Modern Benoni: Classical: 9...a6 10 a4 Bg4} 14. h3 {[%emt 0:04:25] [#]} Rb8 $146 {[%emt 0:08:57]} ({Predecessor:} 14... Rc8 15. a5 Qc7 {1-0 (30) Riazantsev,A (2666)-Yuffa,D (2527) Cheliabinsk 2017}) 15. a5 {[%emt 0:01:03]} h6 {[%emt 0:02:22]} 16. Rfe1 {[%emt 0:10:54]} Qc7 {[%emt 0:10:32]} 17. f3 {[%emt 0:01:02]} Nh5 {[%emt 0:04:46]} 18. g4 {[%emt 0:08:56]} Nhf6 {[%emt 0:00:11]} 19. Nc4 $11 {[%emt 0:02:11]} (19. Bf4 $16) 19... Ne5 {[%emt 0:21:50]} 20. Nxe5 {[%emt 0:04:23]} Rxe5 {[%emt 0:00:09]} 21. Bf4 {[%emt 0:00:10]} Nh7 {[%emt 0:09:34]} 22. Bxe5 {[%emt 0:05:34]} Bxe5 {[%emt 0:00:05]} 23. Qd2 {[%emt 0:04:40]} b6 {[%emt 0:04:41]} 24. axb6 {[%emt 0:02:16]} Rxb6 {[%emt 0:00:11]} 25. f4 {[%emt 0:04:36]} Bd4+ {[%emt 0:00:05]} 26. Kh1 {[%emt 0:00:49]} Nf6 {[%emt 0:02:15]} 27. Ra4 {[%emt 0:03:57]} Nd7 {[%emt 0:06:40]} 28. Re2 {[%emt 0:01:01]} Qb7 {[%emt 0:04:47]} 29. Ra2 {[%emt 0:04:09]} Rb3 {[%emt 0:01:51]} 30. Qd3 {[%emt 0:00:57]} Qb4 {[%emt 0:01:43]} 31. Ra3 {[%emt 0:09:40]} Rxa3 {[%emt 0:00:37]} 32. bxa3 {[%emt 0:00:06]} Qxc3 {[%emt 0:00:07]} 33. Qxc3 {[%emt 0:02:10]} Bxc3 {[%emt 0:00:01]} 34. Kg2 {[%emt 0:00:05]} g5 {[%emt 0:01:11]} 35. fxg5 {[%emt 0:01:47]} hxg5 {[%emt 0:00:01]} 36. Re3 {[%emt 0:00:04]} Bd4 {[%emt 0:00:18]} 37. Rb3 {[%emt 0:00:04]} c4 {[%emt 0:00:11]} 38. Rb4 {[%emt 0:00:49]} Ne5 {[%emt 0:00:05]} 39. Kf1 {[%emt 0:00:55]} Bc5 {[%emt 0:02:05]} 40. Ra4 {[%emt 0:00:32]} Nf3 {[%emt 0:00:13]} 41. Ke2 {[%emt 0:02:22]} Ng1+ {[%emt 0:00:04]} 42. Kf1 {[%emt 0:00:06]} Nf3 {[%emt 0:05:26]} 43. Ke2 {[%emt 0:00:53]} Ng1+ {[%emt 0:00:23]} 44. Kf1 {[%emt 0:00:04]} c3 {[%emt 0:00:03]} 45. Rc4 {[%emt 0:00:56]} Nf3 {[%emt 0:03:14]} 46. Rxc3 {[%emt 0:00:08]} Nd2+ {[%emt 0:00:35]} 47. Ke2 {[%emt 0:00:44]} Nxe4 {[%emt 0:00:06]} 48. Rb3 {[%emt 0:00:25]} Nf6 {[%emt 0:00:23]} 49. Rd3 {[%emt 0:00:12]} Kg7 {[%emt 0:00:31]} 50. Kd1 {[%emt 0:00:43]} Ng8 {[%emt 0:00:17]} 51. Kc2 {[%emt 0:00:19]} Ne7 {[%emt 0:00:02]} 52. Kb3 {[%emt 0:01:51]} Ng6 {[%emt 0:00:39]} 53. Rf3 {[%emt 0:00:12]} Nf4 {[%emt 0:00:30]} 54. Kc4 {[%emt 0:00:42]} Ng2 {[%emt 0:00:10]} 55. Rd3 {[%emt 0:02:19]} Ne3+ {[%emt 0:00:47]} 56. Kb3 {[%emt 0:00:21]} Kf6 {[%emt 0:00:04]} 57. Ka4 {[%emt 0:00:04]} Ke5 {[%emt 0:00:17]} 58. Ka5 {[%emt 0:00:06]} Ke4 {[%emt 0:00:14]} 59. Rb3 {[%emt 0:00:11]} Bxa3 {[%emt 0:01:06]} 60. Kxa6 {[%emt 0:00:16]} Bc5 {[%emt 0:00:01]} 61. Rb7 {[%emt 0:00:44]} f6 {[%emt 0:00:12]} 62. Kb5 {[%emt 0:01:38]} Nxd5 {[%emt 0:00:13]} 63. Kc6 {[%emt 0:00:24]} Nf4 {[%emt 0:00:30]} 64. Rf7 {[%emt 0:00:28]} Bd4 {[%emt 0:00:30]} 65. Kxd6 {[%emt 0:00:31]} Nxh3 {[%emt 0:00:08]} 66. Re7+ {[%emt 0:03:16]} Be5+ {[%emt 0:00:57]} 67. Ke6 {[%emt 0:00:04]} Nf2 {[%emt 0:00:15]} 68. Ra7 {[%emt 0:00:04]} Nxg4 {[%emt 0:00:08]} 69. Ra4+ {[%emt 0:00:02]} Kf3 {[%emt 0:00:01]} 70. Ra3+ {[%emt 0:00:13]} Ne3 {[%emt 0:00:03]} 0-1

[Event "21st Dubai Open 2019"]
[Site "Dubai"]
[Date "2019.04.09"]
[Round "9.36"]
[White "Charkhalashvili, Inga"]
[Black "Franco Valencia, Angela"]
[Result "1/2-1/2"]
[WhiteElo "2338"]
[BlackElo "2141"]
[Annotator "NA"]
[PlyCount "57"]
[EventDate "2019.04.01"]
[EventType "swiss"]
[EventCountry "UAE"]
[SourceTitle "playchess.com"]
[Source "ChessBase"]
[SourceQuality "1"]
[TimeControl "5400+30"]

1. d4 {[%emt 0:00:00]} Nf6 {[%emt 0:00:14]} 2. c4 {[%emt 0:00:00]} c5 {[%emt 0:00:06]} 3. d5 {[%emt 0:00:00]} e6 {[%emt 0:00:04]} 4. Nc3 {[%emt 0:00:00]} exd5 {[%emt 0:00:09]} 5. cxd5 {[%emt 0:00:04]} d6 {[%emt 0:00:27]} 6. Nf3 {[%emt 0:00:07]} g6 {[%emt 0:00:05]} 7. Bf4 {[%emt 0:00:52]} Bg7 {[%emt 0:01:02]} 8. Qa4+ {[%emt 0:01:16]} Bd7 {[%emt 0:01:05]} 9. Qb3 {[%emt 0:00:43]} Qc7 {[%emt 0:04:15]} 10. e4 {[%emt 0:03:02]} O-O {[%emt 0:01:34]} 11. Be2 {[%emt 0:04:51]} Nh5 {[%emt 0:08:51]} 12. Be3 {[%emt 0:01:31]} a6 {[%emt 0:02:39]} 13. a4 {[%emt 0:01:30]} Bg4 {[%emt 0:00:25]} 14. h3 {[%emt 0:07:15]} Bxf3 {[%emt 0:00:29]} 15. Bxf3 {[%emt 0:00:10]} Nf6 {[%emt 0:00:22]} 16. O-O {[%emt 0:03:40]} Nbd7 {[%emt 0:00:44]} 17. a5 {[%emt 0:14:49]} Rfe8 {[%emt 0:01:38]} 18. Qc2 {[%emt 0:03:23]} h6 {[%emt 0:03:20]} 19. Be2 {[%emt 0:01:27]} Re7 {[%emt 0:02:32]} 20. Ra4 {[%emt 0:15:22]} Rae8 {[%emt 0:03:11]} 21. Bf4 {[%emt 0:05:55]} Ne5 {[%emt 0:10:44]} 22. Bd2 {[%emt 0:03:19]} Ned7 {[%emt 0:03:39]} 23. Bd3 {[%emt 0:07:07]} Ne5 {[%emt 0:02:18]} 24. Be2 {[%emt 0:00:45]} Ned7 {[%emt 0:01:57]} 25. Bd3 {[%emt 0:01:29]} Ne5 {[%emt 0:01:44]} 26. Be2 {[%emt 0:00:05]} Ned7 {[%emt 0:00:11]} 27. Bd3 {[%emt 0:00:12]} Ne5 28. Be2 Ned7 29. Bd3 1/2-1/2

[Event "21st Dubai Open 2019"]
[Site "Dubai"]
[Date "2019.04.09"]
[Round "9.37"]
[White "Nitish Belurkar"]
[Black "Ansat, Aldiyar"]
[Result "0-1"]
[WhiteElo "2327"]
[BlackElo "2117"]
[Annotator "NA"]
[PlyCount "100"]
[EventDate "2019.04.01"]
[EventType "swiss"]
[EventCountry "UAE"]
[SourceTitle "playchess.com"]
[Source "ChessBase"]
[SourceQuality "1"]
[TimeControl "5400+30"]

1. e4 {[%emt 0:00:00]} c5 {[%emt 0:00:00]} 2. Ne2 {[%emt 0:00:00]} Nc6 {[%emt 0:00:22]} 3. Nbc3 {[%emt 0:00:00]} g6 {[%emt 0:00:12]} 4. h3 {[%emt 0:00:51]} Bg7 {[%emt 0:00:17]} 5. d3 {[%emt 0:00:09]} e6 {[%emt 0:00:38]} 6. g4 {[%emt 0:02:07]} Nge7 {[%emt 0:03:26]} 7. Bg2 {[%emt 0:00:13]} O-O {[%emt 0:01:01]} 8. O-O {[%emt 0:01:50]} d6 {[%emt 0:01:18]} 9. f4 {[%emt 0:04:46]} f5 {[%emt 0:00:21]} 10. Ng3 {[%emt 0:04:41]} Rb8 {[%emt 0:05:25]} 11. a4 {[%emt 0:00:35]} a6 {[%emt 0:01:44]} 12. Be3 {[%emt 0:07:05]} Nd4 {[%emt 0:02:59]} 13. Rb1 {[%emt 0:03:33]} Bd7 {[%emt 0:09:03]} 14. Bd2 {[%emt 0:06:07]} Nec6 {[%emt 0:08:34]} 15. Nce2 {[%emt 0:06:35]} Nxe2+ {[%emt 0:15:30]} 16. Nxe2 {[%emt 0:01:39]} Nd4 {[%emt 0:03:26]} 17. b3 {[%emt 0:06:41]} fxg4 {[%emt 0:07:06]} 18. hxg4 {[%emt 0:00:17]} Qh4 {[%emt 0:02:30]} 19. c3 {[%emt 0:00:47]} Nxe2+ {[%emt 0:03:39]} 20. Qxe2 {[%emt 0:00:25]} g5 {[%emt 0:01:12]} 21. Be1 {[%emt 0:13:34]} Qh6 {[%emt 0:00:21]} 22. f5 {[%emt 0:00:05]} Be5 {[%emt 0:08:04]} 23. Qf3 {[%emt 0:03:05]} exf5 {[%emt 0:05:41]} 24. gxf5 {[%emt 0:00:20]} Rf7 {[%emt 0:08:35]} 25. Qh3 {[%emt 0:07:13]} Qg7 {[%emt 0:01:18]} 26. Rc1 {[%emt 0:02:22]} Rbf8 {[%emt 0:03:08]} 27. Bg3 {[%emt 0:04:22]} Bxc3 {[%emt 0:03:14]} 28. Bxd6 {[%emt 0:00:25]} Bd4+ {[%emt 0:02:16]} 29. Kh2 {[%emt 0:01:41]} Re8 {[%emt 0:01:27]} 30. Bg3 {[%emt 0:01:36]} Rf6 {[%emt 0:00:17]} 31. Qg4 {[%emt 0:00:15]} h5 {[%emt 0:00:10]} 32. Qd1 {[%emt 0:00:25]} h4 {[%emt 0:00:55]} 33. Bf2 {[%emt 0:02:05]} Be5+ {[%emt 0:00:37]} 34. Kh1 {[%emt 0:06:11]} g4 {[%emt 0:00:15]} 35. Rg1 {[%emt 0:00:05]} g3 36. Bh3 {[%emt 0:00:12]} Rg6 {[%emt 0:02:17]} 37. Rg2 {[%emt 0:03:13]} b6 {[%emt 0:00:00]} 38. Be3 {[%emt 0:00:30]} Rd6 {[%emt 0:00:25]} 39. Qe2 {[%emt 0:06:24]} Bc6 {[%emt 0:00:29]} 40. Rf1 {[%emt 0:05:28]} Red8 {[%emt 0:00:09]} 41. Qh5 {[%emt 0:00:27]} Bf6 {[%emt 0:01:00]} 42. Rf4 {[%emt 0:01:45]} Qh7 {[%emt 0:00:26]} 43. Qe2 {[%emt 0:00:36]} Rxd3 {[%emt 0:00:34]} 44. Rg4+ {[%emt 0:00:05]} Kf8 {[%emt 0:00:38]} 45. Rg6 {[%emt 0:00:37]} Rd1+ {[%emt 0:00:41]} 46. Bg1 {[%emt 0:00:26]} Qe7 {[%emt 0:00:34]} 47. Qg4 {[%emt 0:00:45]} Qf7 {[%emt 0:00:36]} 48. Qf4 {[%emt 0:00:32]} R8d4 {[%emt 0:00:36]} 49. Qh6+ {[%emt 0:00:51]} Ke7 {[%emt 0:00:12]} 50. e5 {[%emt 0:00:32]} Rxg1+ {[%emt 0:00:18]} 0-1